LEADER 00854nac0-22002891i-450- 001 990007017460403321 005 20011212 035 $a000701746 035 $aFED01000701746 035 $a(Aleph)000701746FED01 035 $a000701746 100 $a20011212d1937----km-y0itay50------ba 101 0 $aita 102 $aIT 105 $ay-------001yy 200 1 $a<>Violenza nel negozio giuridico canonico$econtributo alla dottrina canonistica dei negozi giuridici$fOrio Giacchi 210 $aMilano$cGiuffrè$d1937 215 $a99 p.$d24 cm 676 $a262.9$v20$zita 700 1$aGiacchi,$bOrio$f<1909-1982>$0205903 801 0$aIT$bUNINA$gRICA$2UNIMARC 901 $aBK 912 $a990007017460403321 952 $aBUSTA 8[1] 37$b22883$fFGBC 959 $aFGBC 996 $aViolenza nel negozio giuridico canonico$91498577 997 $aUNINA LEADER 00823nam0-22002771i-450- 001 990005508590403321 005 20060608155603.0 035 $a000550859 035 $aFED01000550859 035 $a(Aleph)000550859FED01 035 $a000550859 100 $a19990604d1966----km-y0itay50------ba 101 0 $aeng 105 $ay-------001yy 200 1 $aPolitics and profit$eA study of Sir Ralph Sadler 1507-1547$fby Arthur Joseph Slavin 210 $aCambridge$cCambridge University Press$d1966 215 $aXVI, 237 p.$d24 cm 676 $a942.052$v21$zita 700 1$aSlavin,$bArthur Joseph$0212907 801 0$aIT$bUNINA$gRICA$2UNIMARC 901 $aBK 912 $a990005508590403321 952 $a942.052 SLA 2$bST.MED.MOD. 2328$fFLFBC 959 $aFLFBC 996 $aPolitics and profit$9609254 997 $aUNINA